000 00880nam a2200253 i 4500
001 bg
003 BPK
005 20240903062925.0
008 000114s1980 pl a |000 0 pol
015 _aPB 95/81
040 _aWA N
_cBPK
041 0 _apol
080 _a621.74
080 _a(075.8)
100 1 _aRączka, Jan
_d(1922- )
_eAutor
245 1 0 _aTechnologia odlewnictwa :
_bskrypt dla studentów wyższych szkół technicznych do przedmiotu Technologia odlewnictwa /
_cJan Rączka ; Politechnika Krakowska im. Tadeusza Kościuszki.
260 _aKraków :
_bPK,
_c1980.
300 _a353 s. :
_bil., tab., wykr. ;
_c24 cm.
504 _aBibliogr. s. 350-353.
655 4 _aPodręczniki akademickie
650 4 _aOdlewnictwo
942 _2udc
_cKS
856 _uhttp://koha.tu.koszalin.pl/cgi-bin/koha/opac-detail.pl?biblionumber=1566
_yKatalog online BPK
999 _c1566
_d1566